000 00798cam a22002653a 4500
001 23828
003 PGUSA
005 20140828083516.0
008 071212s2007||||xxu|||||s|||||000 | eng d
040 _aPGUSA
_beng
042 _adc
050 4 _aF1001
100 1 _aSagard, Gabriel
245 1 0 _aLe grand voyage du pays des Hurons
_h[electronic resource] /
_cGabriel Sagard
260 _bProject Gutenberg,
_c2007
506 _aPublic domain in the USA.
516 _aElectronic text
653 _aNew France -- Discovery and exploration
653 _aIndians of North America -- Canada
653 _aAmerica -- Discovery and exploration -- French
653 _aWyandot Indians
830 0 _aProject Gutenberg
_v23828
856 4 0 _uhttp://www.gutenberg.org/ebooks/23828
942 _cEB
999 _c253083
_d253083